banner-ar

Vintage Alexandria : (Record no. 60703)

MARC details
000 -الفاتح
حقل البيانات ثابتة الطول 00900cam a2200241 a 4500
005 - وقت وتاريخ اخر تعامل مع التسجيلة
رقم الضبط 20240530110423.0
008 - عناصر البيانات ثابتة الطول - معلومات عامة
حقل البيانات ثابتة الطول 100612s2008 ua abo f 000 0 eng d
010 ## -
-- 2010331301
020 ## - الرقم الدولى المعيارى للكتب
الرقم الدولى المعيارى للكتاب 9789774161926
040 ## - مصدر الفهرسة
وكالة الفهرسة الأصلية EG-CaGPL
وكالة النسخ EG-CaGPL
082 04 - رقم تصنيف ديوى العشرى
رقم الطبعة 21
رقم التصنيف 962.11
رقم المادة CC/H V
100 1# - المدخل الرئيسى - إسم شخصى
الإسم الشخصى Haag, Michael,
التواريخ المصاحبة للاسم 1943-
245 10 - بيان العنوان
العنوان Vintage Alexandria :
بقية العنوان photographs of the city, 1860-1960 /
بيان المسئوليه,etc Michael Haag.
260 ## - PUBLICATION, DISTRIBUTION, ETC. (IMPRINT)
تاريخ النشر أو التوزيع 2008.
300 ## - الوصف المادى
التعداد ix, 139 p. :
تفاصيل ماديه اخرى للوعاء ill. (some col.), maps ;
أبعاد الوعاء 26 cm.
651 #0 - المدخل الاضافى بالموضوع - اسم جغرافى
الاسم الجغرافي Alexandria (Egypt)
التقسيم الفرعي الشكلي Pictorial works.
651 #0 - المدخل الاضافى بالموضوع - اسم جغرافى
الاسم الجغرافي Alexandria (Egypt)
التقسيم الفرعي العام History
التقسيم الفرعي الزمني 19th century
التقسيم الفرعي الشكلي Pictorial works.
651 #0 - المدخل الاضافى بالموضوع - اسم جغرافى
الاسم الجغرافي Alexandria (Egypt)
التقسيم الفرعي العام History
التقسيم الفرعي الزمني 20th century
التقسيم الفرعي الشكلي Pictorial works.
942 ## - عناصر المدخل الإضافي( كوها)
مصدر التصنيف او مخطط الترفيف Dewey Decimal Classification
Koha [default] item type كتاب
260 ## - PUBLICATION, DISTRIBUTION, ETC. (IMPRINT)
-- Cairo ;
-- New York :
-- American University in Cairo Press,
Holdings
حالة التراجع حالة الفقد مصدر التصنيف او خطة الترفيف حالة تلف ليس للاعارة المكان المؤقت الموقع الحالى تاريخ الاكتساب اجمالي اﻻعارات رقم الطلب الباركود تاريخ اخر مشاهدة تاريخ تفعيل السعر نوع وعاء كوها
    ddc     مكتبة القاهرة الكبرى مكتبة القاهرة الكبرى 03/17/2015   962.11 CC/H V 159805 03/17/2015 03/17/2015 كتاب

Powered By

EGPV